000 00973nac a2200301 a 4500
001 51980
003 BD-RjUL
005 20211209075734.0
008 160905s1955 pk x s f0 a0eng d
035 _a(OCoLC)505745316
035 _a(OCoLC)ocn505745316
035 _a(CStRLIN)NYCG84-S53
035 _a(BD-RjUL)52100
035 _a(NNC)289038
040 _aNNC
_cNNC
_beng
041 _aeng
082 _223
_a382.095491
_bFOR 1955
090 _aHF240.5
_b.S73
245 0 0 _aForeign trade statistics of Pakistan /
260 _aKarachi :
_bManager of Publications,
_c1955
300 _a205 p. :
_bill. ;
_c 27 cm.
515 _aVols. for <Apr./June 1981-> issued in 2 parts: 1. Exports & re-exports; 2. Imports.
550 _aIssued by: Statistics Division of Pakistan, 1981-
651 0 _aPakistan
_xCommerce.
_9132957
710 1 _aPakistan.
_bStatistics Division.
_9155445
780 0 0 _aPakistan. Statistics Division.
_tForeign trade
942 _2ddc
_cBK
999 _c51980
_d51980